[Event "Sochi Amateur op 6th"]
[Site "Sochi"]
[Date "2019.04.11"]
[Round "7"]
[White "Stroganova, Karina"]
[Black "Arkhipov, Vladimir"]
[Result "0-1"]
[WhiteElo "1754"]
[BlackElo "2018"]
[PlyCount "124"]
[EventDate "2019.04.07"]
[EventType "swiss"]
[EventRounds "9"]
[EventCountry "RUS"]
[SourceTitle "CBM 189 Extra"]
[Source "ChessBase"]
[SourceDate "2019.05.31"]
[SourceVersion "1"]
[SourceVersionDate "2019.05.31"]
[SourceQuality "1"]

1. d4 c5 2. c3 e6 3. Nf3 Nf6 4. Bf4 Qb6 5. Qc2 cxd4 6. cxd4 Nc6 7. e3 d5 8. Be2 Bd7 9. 0-0 Rc8 10. Nc3 Na5 11. Rac1 Bb4 12. Qb1 0-0 13. Ne5 Bxc3 14. Rxc3 Rxc3 15. bxc3 Qxb1 16. Rxb1 Rc8 17. Rc1 Ba4 18. f3 Nh5 19. Bg3 Nxg3 20. hxg3 f6 21. Nd3 Bb5 22. Kf2 Bxd3 23. Bxd3 Nc4 24. e4 Nd6 25. Ke2 h6 26. Kd2 Nc4+ 27. Ke2 b5 28. Bxc4 Rxc4 29. Rc2 Kf7 30. Kd3 Ra4 31. Rb2 a6 32. exd5 exd5 33. g4 Kg6 34. g3 Ra3 35. Kd2 f5 36. gxf5+ Kxf5 37. Kd3 h5 38. Re2 b4 39. Re5+ Kg6 40. Rxd5 Rxc3+ 41. Ke4 Ra3 42. Rd6+ Kf7 43. Rb6 a5 44. Rb7+ Kf6 45. Rb6+ Ke7 46. Rb7+ Kd6 47. Rb5 Rxa2 48. d5 g5 49. Kf5 h4 50. gxh4 gxh4 51. Kg4 Ra3 52. Kxh4 b3 53. f4 a4 54. f5 Ra2 55. f6 Rf2 56. Kg5 b2 57. Kg6 a3 58. f7 Rf1 59. Rb6+ Kxd5 60. Rb8 a2 61. Rd8+ Kc6 62. Rd1 b1Q+ 0-1

[Event "Sochi Amateur op 6th"]
[Site "Sochi"]
[Date "2019.04.08"]
[Round "2"]
[White "Arkhipov, Vladimir"]
[Black "Mhitarjan, Samvel"]
[Result "1-0"]
[WhiteElo "2018"]
[BlackElo "1768"]
[PlyCount "103"]
[EventDate "2019.04.07"]
[EventType "swiss"]
[EventRounds "9"]
[EventCountry "RUS"]
[SourceTitle "CBM 189 Extra"]
[Source "ChessBase"]
[SourceDate "2019.05.31"]
[SourceVersion "1"]
[SourceVersionDate "2019.05.31"]
[SourceQuality "1"]

1. Nf3 d6 2. d4 Nf6 3. h3 e6 4. Nc3 Be7 5. e4 Nbd7 6. e5 Nd5 7. Ne4 dxe5 8. dxe5 Nf8 9. a3 Ng6 10. c4 Nb6 11. Qc2 Nd7 12. Qc3 Nc5 13. Nxc5 Bxc5 14. Bg5 Be7 15. Be3 c5 16. Bd3 b6 17. Be4 Rb8 18. Bc6+ Kf8 19. 0-0 Qc7 20. Be4 Bb7 21. Bxb7 Qxb7 22. Rad1 f6 23. Rd2 Kf7 24. Rfd1 Rhd8 25. exf6 gxf6 26. Rxd8 Rxd8 27. Rxd8 Bxd8 28. Qd3 Be7 29. h4 h5 30. Nd2 Kg7 31. g3 Ne5 32. Qe2 Ng4 33. Bf4 e5 34. f3 exf4 35. fxg4 Qd7 36. gxf4 hxg4 37. f5 Qd4+ 38. Kg2 Bd6 39. Ne4 Be5 40. Qxg4+ Kf8 41. Qe2 a5 42. a4 Qd7 43. Qh5 Qg7+ 44. Qg6 Qxg6+ 45. fxg6 Kg7 46. h5 Bxb2 47. Nd6 Bc3 48. Nf5+ Kg8 49. Kf3 Bb2 50. Ke4 b5 51. cxb5 c4 52. b6 1-0

[Event "Geller Memorial op-B 7th"]
[Site "Odessa"]
[Date "2011.08.24"]
[Round "5"]
[White "Samochernov, Nikolay"]
[Black "Arkhipov, Vladimir"]
[Result "0-1"]
[WhiteElo "2039"]
[BlackElo "2131"]
[PlyCount "85"]
[EventDate "2011.08.20"]
[EventType "swiss"]
[EventRounds "9"]
[EventCountry "UKR"]
[SourceTitle "EXT 2014"]
[Source "ChessBase"]
[SourceDate "2013.11.20"]
[SourceVersion "1"]
[SourceVersionDate "2013.11.20"]
[SourceQuality "1"]

1. e4 g6 2. d4 Bg7 3. c3 d6 4. Bd3 Nf6 5. Ne2 0-0 6. 0-0 b6 7. f4 Bb7 8. Ng3 c5 9. Nd2 cxd4 10. cxd4 Nc6 11. Nf3 Rc8 12. Bd2 Rc7 13. Bc3 Qc8 14. f5 Ba6 15. Re1 Bxd3 16. Qxd3 Na5 17. Nd2 Nc4 18. Nxc4 Rxc4 19. Qf3 Qb7 20. Nf1 d5 21. e5 Ne4 22. Ne3 Rc7 23. Nxd5 Ng5 24. Nxe7+ Rxe7 25. Qxb7 Rxb7 26. h4 Ne6 27. fxe6 fxe6 28. Rf1 Rd8 29. g4 Rbd7 30. Kg2 Re8 31. Kf3 Bf8 32. Ke4 Be7 33. g5 Rf8 34. Rf4 b5 35. a3 a5 36. Bxa5 Rxf4+ 37. Kxf4 Rxd4+ 38. Kg3 h6 39. Bc3 Re4 40. Re1 Rc4 41. Re2 hxg5 42. hxg5 Bxa3 43. Kf3 0-1

[Event "Myrhorod op"]
[Site "Myrhorod"]
[Date "2011.07.09"]
[Round "2"]
[White "Arkhipov, Vladimir"]
[Black "Baranovsky, Sergey"]
[Result "1-0"]
[WhiteElo "2131"]
[BlackElo "1983"]
[PlyCount "49"]
[EventDate "2011.07.09"]
[EventType "swiss"]
[EventRounds "9"]
[EventCountry "UKR"]
[SourceTitle "CBM 143 Extra"]
[Source "ChessBase"]
[SourceDate "2011.08.29"]
[SourceVersion "1"]
[SourceVersionDate "2011.08.29"]
[SourceQuality "1"]

1. Nf3 Nf6 2. c4 b6 3. g3 Bb7 4. Bg2 e6 5. 0-0 Be7 6. b3 d6 7. d4 Nbd7 8. Bb2 h5 9. Nc3 Ne4 10. Qc2 Ng5 11. Nxg5 Bxg2 12. Nxe6 fxe6 13. Qg6+ Kf8 14. Kxg2 Nf6 15. Qd3 h4 16. e4 Qd7 17. f4 hxg3 18. hxg3 e5 19. f5 Ng4 20. Rh1 Kf7 21. Qf3 exd4 22. Qxg4 dxc3 23. Qg6+ Kg8 24. Rxh8+ Kxh8 25. Qf7 1-0

[Event "Voronezh op-A 15th"]
[Site "Voronezh"]
[Date "2011.06.16"]
[Round "5"]
[White "Usmanov, Vasily"]
[Black "Arkhipov, Vladimir"]
[Result "1-0"]
[WhiteElo "2289"]
[BlackElo "2152"]
[PlyCount "113"]
[EventDate "2011.06.12"]
[EventType "swiss"]
[EventRounds "9"]
[EventCountry "RUS"]
[SourceTitle "CBM 143 Extra"]
[Source "ChessBase"]
[SourceDate "2011.08.29"]
[SourceVersion "1"]
[SourceVersionDate "2011.08.29"]
[SourceQuality "1"]

1. d4 d5 2. c4 c6 3. Nf3 Nf6 4. Nc3 a6 5. e3 g6 6. Bd3 Bg7 7. 0-0 b5 8. b3 Nbd7 9. cxd5 cxd5 10. h3 Bb7 11. Bb2 Ne4 12. Rc1 Rc8 13. Qe2 0-0 14. Rc2 Nb6 15. Ne5 b4 16. Nxe4 dxe4 17. Bc4 Nxc4 18. Rxc4 Rxc4 19. Nxc4 Qd5 20. a3 a5 21. Ra1 a4 22. axb4 axb3 23. Nb6 Qc6 24. Na4 Ba6 25. Qd1 Bc4 26. Nc5 Qd5 27. Qc1 e5 28. dxe5 Bxe5 29. Bxe5 Qxe5 30. Nd7 Qg7 31. Rb1 Bd3 32. Rxb3 Ra8 33. Ra3 Re8 34. Qc6 Kh8 35. Ra8 Rxa8 36. Qxa8+ Qg8 37. Qxg8+ Kxg8 38. Nc5 Bb5 39. Nxe4 Kf8 40. f3 Ke7 41. Kf2 f5 42. Nc3 Bc4 43. g4 Ke6 44. Kg3 Ke5 45. f4+ Kd6 46. gxf5 gxf5 47. Kh4 Bf1 48. Kg5 Bxh3 49. Kh6 Bf1 50. Kxh7 Bd3 51. Kg6 Ke6 52. Kg5 Bc2 53. Ne2 Kd5 54. Nd4 Bd3 55. Kf6 Ke4 56. Nxf5 Bf1 57. Ng3+ 1-0

[Event "UKR-ch sf"]
[Site "Alushta"]
[Date "2011.05.09"]
[Round "7"]
[White "Odnorozhenko, Evgenyi"]
[Black "Arkhipov, Vladimir"]
[Result "1-0"]
[WhiteElo "2319"]
[BlackElo "2152"]
[PlyCount "117"]
[EventDate "2011.05.03"]
[EventType "swiss"]
[EventRounds "9"]
[EventCountry "UKR"]
[SourceTitle "CBM 142 Extra"]
[Source "ChessBase"]
[SourceDate "2011.06.27"]
[SourceVersion "1"]
[SourceVersionDate "2011.06.27"]
[SourceQuality "1"]

1. d4 g6 2. c4 Bg7 3. Nf3 d6 4. Nc3 Nf6 5. e4 0-0 6. Be2 c5 7. 0-0 Na6 8. Re1 b6 9. Bf1 Bg4 10. d5 Nd7 11. h3 Bxf3 12. Qxf3 Nc7 13. Bg5 h6 14. Be3 a6 15. a4 Rb8 16. Qe2 Kh7 17. Qd2 Rb7 18. Rab1 Qe8 19. f3 a5 20. Rbd1 Na6 21. Bd3 Ne5 22. Be2 Nb4 23. f4 Nd7 24. Bf3 Rb8 25. Kh1 Rg8 26. Bf2 h5 27. Bg3 f6 28. Qe2 Rh8 29. Rd2 Kg8 30. Qd1 Rc8 31. Rde2 Rh7 32. e5 fxe5 33. fxe5 Bxe5 34. Bxe5 Nxe5 35. Rxe5 dxe5 36. Rxe5 Rd8 37. Ne4 Qd7 38. Ng5 Nc6 39. dxc6 Qxd1+ 40. Bxd1 Rxd1+ 41. Kh2 Rd8 42. Nxh7 Kxh7 43. Rxe7+ Kh6 44. h4 Rc8 45. c7 g5 46. Re6+ Kg7 47. Rxb6 Rxc7 48. hxg5 Re7 49. Rb5 Rc7 50. Rxa5 Kg6 51. Rb5 Kxg5 52. b4 Kg4 53. Rxc5 Re7 54. a5 h4 55. Rc8 h3 56. gxh3+ Kh4 57. Rh8+ Kg5 58. a6 Kf4 59. Rf8+ 1-0

[Event "UKR-ch sf"]
[Site "Alushta"]
[Date "2011.05.06"]
[Round "4"]
[White "Kuchin, Pavel"]
[Black "Arkhipov, Vladimir"]
[Result "0-1"]
[WhiteElo "1980"]
[BlackElo "2152"]
[PlyCount "96"]
[EventDate "2011.05.03"]
[EventType "swiss"]
[EventRounds "9"]
[EventCountry "UKR"]
[SourceTitle "CBM 142 Extra"]
[Source "ChessBase"]
[SourceDate "2011.06.27"]
[SourceVersion "1"]
[SourceVersionDate "2011.06.27"]
[SourceQuality "1"]

1. e4 g6 2. g3 Bg7 3. Bg2 c5 4. Ne2 Nc6 5. d3 d6 6. c3 h5 7. h3 Nf6 8. Be3 Rb8 9. f4 0-0 10. Nd2 e5 11. Nf3 c4 12. 0-0 exf4 13. gxf4 Re8 14. Ng5 d5 15. dxc4 dxe4 16. Nd4 Ne7 17. Qb3 a6 18. Rad1 Qa5 19. Ne2 Bd7 20. Bb6 Qa4 21. Ng3 Qxb3 22. axb3 Bc6 23. N3xe4 Nxe4 24. Bxe4 f6 25. Bxc6 bxc6 26. Bc7 Rxb3 27. Ne6 Bh6 28. Rf2 Rb7 29. Ba5 Nf5 30. Nd8 Rb8 31. Nxc6 Rbc8 32. Nb4 Rxc4 33. Nd5 Kf7 34. b3 Rce4 35. c4 Nd4 36. Nc7 R8e7 37. Nd5 R7e6 38. Nc7 Rc6 39. Rd3 Bxf4 40. Nd5 Be5 41. Kf1 Ne6 42. Nb4 Nc5 43. Rdf3 Re6 44. Nc2 g5 45. b4 Nb7 46. c5 Nxa5 47. bxa5 Rc4 48. Rb3 Rxc5 0-1

[Event "Kiev Spring op"]
[Site "Kiev"]
[Date "2011.03.20"]
[Round "3.1"]
[White "Arkhipov, Vladimir"]
[Black "Gostev, Serghei"]
[Result "0-1"]
[WhiteElo "2126"]
[BlackElo "2355"]
[PlyCount "110"]
[EventDate "2011.03.19"]
[EventType "swiss"]
[EventRounds "9"]
[EventCountry "UKR"]
[SourceTitle "EXT 2012"]
[Source "ChessBase"]
[SourceDate "2011.11.24"]
[SourceVersion "1"]
[SourceVersionDate "2011.11.24"]
[SourceQuality "1"]

1. Nf3 c5 2. c4 g6 3. d4 cxd4 4. Qxd4 Nf6 5. Nc3 Bg7 6. Qh4 h6 7. g4 d6 8. h3 Nc6 9. Bg2 Be6 10. Nd2 Rc8 11. 0-0 Qd7 12. Qg3 h5 13. g5 h4 14. Qe3 Nh5 15. Nd5 Nd4 16. Rb1 Bxd5 17. Bxd5 Nf4 18. Bxf7+ Kf8 19. Bd5 Be5 20. Bg2 Ndxe2+ 21. Kh1 Nxg2 22. Kxg2 Nf4+ 23. Kh1 Qf5 24. Qf3 Rh5 25. b3 Rxg5 26. Ne4 Rh5 27. Bxf4 Qxf4 28. Qxf4+ Bxf4 29. Nc3 Be5 30. Nd5 Rf5 31. f4 Bf6 32. Nxf6 Rxf6 33. Kg2 Rc5 34. Rf3 Rcf5 35. Rbf1 Kf7 36. R1f2 e5 37. fxe5 dxe5 38. c5 Ke6 39. b4 e4 40. Rxf5 gxf5 41. Rf4 Rh6 42. Kf2 Ke5 43. Ke3 Ra6 44. Rxh4 Rxa2 45. Rh5 Rb2 46. h4 Rxb4 47. Rg5 a5 48. h5 Rb2 49. h6 Rh2 50. h7 a4 51. Rg2 Rxh7 52. Rg8 Rh3+ 53. Ke2 a3 54. Re8+ Kf4 55. Ra8 a2 0-1

[Event "Zaporozhye Ermak Cup 6th"]
[Site "Zaporozhye"]
[Date "2010.06.25"]
[Round "5"]
[White "Arkhipov, Vladimir"]
[Black "Budnikov, Oleg"]
[Result "0-1"]
[WhiteElo "2127"]
[BlackElo "2391"]
[PlyCount "80"]
[EventDate "2010.06.23"]
[EventType "swiss"]
[EventRounds "9"]
[EventCountry "UKR"]
[SourceTitle "CBM 137 Extra"]
[Source "ChessBase"]
[SourceDate "2010.09.01"]
[SourceVersion "1"]
[SourceVersionDate "2010.09.01"]
[SourceQuality "1"]

1. d4 d5 2. g3 Nf6 3. Bg2 c5 4. c3 e6 5. Nf3 Nc6 6. 0-0 Bd6 7. Bg5 h6 8. Bxf6 Qxf6 9. dxc5 Bxc5 10. Nbd2 0-0 11. e4 Rd8 12. exd5 exd5 13. Nb3 Bb6 14. Nfd4 Ne5 15. h3 g6 16. Qc2 h5 17. h4 Bg4 18. a4 a6 19. a5 Ba7 20. Nd2 Bxd4 21. cxd4 Nc6 22. Nb3 Nxd4 23. Nxd4 Qxd4 24. Ra4 Qe5 25. Rb4 d4 26. Be4 d3 27. Bxd3 Qd6 28. Rb3 Rac8 29. Qb1 Bh3 30. Be4 Bxf1 31. Qxf1 Qd2 32. Kh2 Qxa5 33. Rxb7 Qe5 34. Qb1 Rd2 35. Rb3 Rxf2+ 36. Kg1 Qd4 37. Rd3 Qb6 38. Rb3 Qc5 39. Rc3 Rxb2+ 40. Rxc5 Rxb1+ 0-1

[Event "Stopkin Memorial 1st"]
[Site "Nikolaev"]
[Date "2009.11.26"]
[Round "7"]
[White "Olshevskiy, Maxim"]
[Black "Arkhipov, Vladimir"]
[Result "1-0"]
[WhiteElo "2009"]
[BlackElo "2086"]
[PlyCount "119"]
[EventDate "2009.11.22"]
[EventType "swiss"]
[EventRounds "9"]
[EventCountry "UKR"]
[SourceTitle "EXT 2023"]
[Source "ChessBase"]
[SourceDate "2022.10.05"]
[SourceVersion "1"]
[SourceVersionDate "2022.10.05"]
[SourceQuality "1"]

1. e4 c6 2. d4 d5 3. f3 g6 4. e5 Bg7 5. Bd3 c5 6. c3 Nc6 7. Ne2 Qb6 8. dxc5 Qxc5 9. b4 Qb6 10. f4 h5 11. b5 Na5 12. Nd4 Nh6 13. Qf3 0-0 14. Be3 Nc4 15. Bf2 Ng4 16. 0-0 Nxf2 17. Rxf2 Qc5 18. a4 Bg4 19. Nb3 Qe3 20. Qxe3 Nxe3 21. h3 Bf5 22. Bxf5 Nxf5 23. Na5 Rab8 24. Na3 h4 25. Rd1 e6 26. c4 d4 27. c5 Rfc8 28. c6 bxc6 29. Nxc6 Rb7 30. Nc4 Bf8 31. N4a5 Rd7 32. Nb3 a6 33. Rfd2 axb5 34. axb5 Bh6 35. Nbxd4 Bxf4 36. Nxf5 Bxd2 37. Rxd2 Rxd2 38. Nfe7+ Kf8 39. Nxc8 Rb2 40. b6 Ke8 41. b7 Rxb7 42. Nd6+ Kd7 43. Nxb7 Kxc6 44. Nd8+ Kd5 45. Nxf7 Ke4 46. Kf2 Kf4 47. Nh8 g5 48. Nf7 g4 49. Nh8 Kxe5 50. Ng6+ Kf5 51. Nxh4+ Kg5 52. Kg3 gxh3 53. Kxh3 Kf4 54. g4 e5 55. Ng6+ Ke4 56. Kg3 Kd4 57. g5 e4 58. Nf4 Ke5 59. g6 Kf6 60. Kf2 1-0

[Event "Stopkin Memorial 1st"]
[Site "Nikolaev"]
[Date "2009.11.23"]
[Round "2"]
[White "Arkhipov, Vladimir"]
[Black "Kamenets, Anatolij"]
[Result "0-1"]
[WhiteElo "2086"]
[BlackElo "2227"]
[PlyCount "100"]
[EventDate "2009.11.22"]
[EventType "swiss"]
[EventRounds "9"]
[EventCountry "UKR"]
[SourceTitle "EXT 2023"]
[Source "ChessBase"]
[SourceDate "2022.10.05"]
[SourceVersion "1"]
[SourceVersionDate "2022.10.05"]
[SourceQuality "1"]

1. d4 f5 2. Qd3 d5 3. g4 fxg4 4. h3 g3 5. Qxg3 Nf6 6. Bg2 Bf5 7. Qb3 Nc6 8. Nf3 e6 9. Bf4 Bd6 10. Bxd6 Qxd6 11. c3 0-0-0 12. Nbd2 h6 13. Qa4 Nd7 14. b4 Kb8 15. b5 Ne7 16. c4 Nb6 17. Qb3 dxc4 18. Nxc4 Nxc4 19. Qxc4 Be4 20. 0-0 Ng6 21. e3 Rhf8 22. Ne5 Bxg2 23. Kxg2 Nxe5 24. dxe5 Qxe5 25. Rad1 Rd5 26. Rxd5 Qxd5+ 27. Qxd5 exd5 28. Rd1 c6 29. bxc6 bxc6 30. h4 Kc7 31. f4 Kd6 32. Rb1 Rf7 33. Rb8 Kc5 34. Rd8 Kc4 35. Rd6 c5 36. Kg3 h5 37. Kf3 Re7 38. Rd8 d4 39. exd4 cxd4 40. Rc8+ Kd3 41. a4 Kd2 42. f5 d3 43. a5 Rd7 44. a6 Kd1 45. Rb8 d2 46. Rb7 Rd3+ 47. Ke4 Ke2 48. Rxg7 Re3+ 49. Kf4 d1Q 50. Rg2+ Kd3 0-1